000 04448cam a22004094i 4500
003 PE-LiUPU
005 20250731173246.0
008 150625s1987 sp a r 001 0 spa d
035 _a(Sirsi) a35456
040 _aPE-LiUPU
_bspa
_cPE-LiUPU
_erda
082 0 4 _a264.165
_bB13
_221
100 1 _aBagot, Jean Pierre,
_eautor.
245 1 0 _aPara vivir el matrimonio /
_cJean Pierre Bagot.
264 _aEspaña :
_beditorial verbo divino ,
_c1987.
300 _a102 páginas :
_bilustraciones ;
_c22 centímetros
336 _atext
_2rdacontent
337 _aunmediated
_2rdamedia
338 _avolume
_2rdacarrier
504 _aÍndice : páginas 99-102.
505 _aEl matrimonio en proceso -- El malestar cristiano, ante la crisis -- Punto de vista de los jóvenes -- Punto de vista de los padres -- Cuestiones que se le plantean a la iglesia -- Algunos principios en retirada -- Fidelidad e indisolubilidad de la pareja -- Fecundidad -- Castidad -- Compromiso oficial -- Un cambio de valores de la sociedad -- Un cambio de valores de la sociedad -- Un cambio económico -- La liberación sexual -- Un cambio político -- Un cambio religioso -- Redescubrir un lenguaje -- El matrimonio en el antiguo testamento -- Una historia hecha de contrastes -- Serán una sola carne -- En el corazón de la vida de la pareja: ¿el miedo o la fe? -- Cuando el hombre no quiere vincularse a la mujer -- Cuando el hombre no considera a la mujer más que en función de su miedo a desaparecer -- Dios revela una nueva dimenesión del amor -- Dios y la esposa infiel -- Jeremías denuncia la apostasía de Israel, la prometida de Dios -- Historia simbólica de Jerusalén -- El matrimonio en el nuevo testamento -- Jesús y el matrimonio -- Una nueva perspectiva sobre la familia -- La verdadera familia de Jesús -- El amor verdadero en la perspectiva de Jesús -- El problema del matrimonio "mixto" -- Llamados a vivir en paz -- El matrimonio en la perspectiva de Pablo -- Matrimonio y virginidad -- Cómo concibe Pablo el matrimonio y la virginidad al comienzo de su ministerio -- A traves de la historia la iglesia toma conciencia de las dimensiones del matrimonio -- En la iglesia primitiva, la llamada a vivir santamente el matrimonio -- El matrimonio en Palestina en el siglo I -- ¿Perfección o misericordia con los pecadores? -- El matrimonio en la perspectiva de san Agustín -- La autoridad eclesiástica se hace cargo del compromiso matrimonial -- Matrimonios clandestinos y matrimonios secretos -- Un sacramento por entero en el mundo feudal -- El matrimonio definido como sacramento -- ¿Qué es un sacramento? -- En el origen de las dificultades actuales -- Un matrimonio de naturaleza social -- Se amaban porque estaban casados -- La iglesia y el matrimonio civil -- El matrimonio y derecho canonico -- El matrimonio -- La atención pastoral y los preliminares a la celebración del matrimonio -- El consentimiento matrimonial -- El sacramento del matrimonio, hoy -- Una nueva forma de vivir el amor -- Amor humano, amor cristiano: eros y agapé -- La celebración ritual del matrimonio -- El hijo, ¿Fruto de que amor? -- Una nueva forma de plantear el problema de la generación -- Un cambio en la sociedad: del hijo fruto del azar al hijo querido -- Un cambio en la visión de la iglesia: la realidiad biológica, expresión de la espiritualidad del amor -- La generación en la perspectiva bíblica -- La meditación del pueblo de Dios sobre el sacrificio de Issac -- El sentido de la prueba -- La necesidad de una salvación -- La generación humana bajo el signo de la gratuidad -- ¿Como hablar hoy del matrimonio cristiano? -- Replantear el problema del matrimonio a partir de la fe -- Expresar el sentido de la ley moral -- Adptar una actitud pedagógica.
526 _aSEG42
526 _aSEG41
526 _aSEG40
526 _aSEG39
526 _aP94
526 _aP87
526 _aP86
526 _aP85
526 _aP77
526 _aP76
526 _aP35
942 _2ddc
_cBOOK
949 _a264.165 B13
_wDEWEY
_c1
_i39164
_lCCODEBUL1
_mBUL
_p30.00
_r0
_sY
_tBOOK
_u2015-06-25
_xBIBLIOTECA
_zUNKNOWN
_0COMPRA
_o.STAFF. Colección teología
596 _a1
999 _a264.165 B13
_wDEWEY
_c43422
_i39164
_d43422
_f2021-11-10
_g5
_lCCODEBUL1
_mBUL
_p30.00
_q2
_r0
_sY
_tBOOK
_u2015-6-25
_xTEOLOGIA
_PP35
_0COMPRA
_o.STAFF. Colección Teología
980 _81
_gALBERTO SANCHEZ Responsable de Automatización